000 01141cam a2200229 4500
001 ABS63847
008 000000n2001 000 0 eng u
035 _a(Sirsi) u112420
100 _aBlackman, D.
245 _aTraffic rights
260 _c2001
490 _aProperty Week
_v66(16) 20 April 2001, 30-31(2)
520 _aDiscusses the final revised version of PPG13 which will govern transport planning for the next decade and beyond. Welcomes the new proposals and takes into account some of the concerns from the development industry and business community. Particularly noteworthy are revised plans for parking spaces with one space allowed per 30 square metres. The proposals also provide guidance to councils urging authorities to review their development plans to allocate sites that are accessible by public transport. Table explains the PPG 13 parking standards.
590 _aABS
650 _aPLANNING POLICY GUIDANCE NOTE 13
650 _aPARKING POLICY
650 _aTOWN CENTRE DEVELOPMENT
650 _aPUBLIC TRANSPORT
650 _aLOCAL AUTHORITIES
690 _aPROPERTY-PROPERTY DEVELOPMENT
942 _n0
999 _c66911
_d66911